| 000 | 01692nam a2200421Ii 4500 | ||
|---|---|---|---|
| 001 | DIGMPONS0424 | ||
| 003 | NyNyDIG | ||
| 006 | m o d | ||
| 007 | cr ||||||||||| | ||
| 008 | 240815s2016 sp a ob 000 0 spa d | ||
| 035 | _a(OCoLC)1453237765 | ||
| 040 |
_aDGITA _beng _erda _epn _cDGITA |
||
| 020 |
_a9788413810508 _qeBook |
||
| 020 | _z9788491230342 | ||
| 050 | 1 | 4 | _aK5018.Z9 ebook |
| 100 | 1 |
_aRodríguez Horcajo, Daniel, _eauthor. |
|
| 245 | 1 | 0 |
_aComportamiento humano y pena estatal : _bdisuasión, cooperación y equidad / _cDaniel Rodríguez Horcajo ; prólogo de Fernando Molina Fernández. |
| 264 | 1 |
_aMadrid : _bMarcial Pons, _c2016. |
|
| 300 |
_a1 online resource : _billustrations. |
||
| 336 |
_atext _btxt _2rdacontent |
||
| 337 |
_acomputer _bc _2rdamedia |
||
| 338 |
_aonline resource _bcr _2rdacarrier |
||
| 347 |
_atext file _2rdaft |
||
| 347 | _bPDF | ||
| 490 | 1 | _aDerecho penal y criminología | |
| 504 | _aIncludes bibliographical references. | ||
| 588 | 0 | _aOnline resource; title from PDF title page (Digitalia, viewed August 15, 2024) | |
| 650 | 0 |
_aCriminal law _xPhilosophy. |
|
| 650 | 0 |
_aPunishment _xPhilosophy. |
|
| 700 | 1 |
_aMolina Fernández, Fernando, _econtributor agent of text. |
|
| 776 | 0 | 8 |
_iPrint version: _aRodríguez Horcajo, Daniel. _tComportamiento humano y pena estatal. _dMadrid : Marcial Pons, 2016 _z9788491230342 |
| 791 | 2 |
_aDigitalia (Firm), _edistributor. |
|
| 793 | 0 |
_gDigitalia eBook Collection: _aMarcial Pons |
|
| 830 | 0 | _aDerecho penal y criminología (Marcial Pons (Firm)) | |
| 856 | 4 | 0 |
_3Digitalia Hispánica _uhttps://www.digitaliapublishing.com/a/158101/ |
| 910 | _aPremium collection: 2024 | ||
| 942 | _cRAA | ||
| 999 |
_c287354 _d287354 |
||